000 00456nam a22001817a 4500
005 20180720152344.0
008 160513b xxu||||| |||| 00| 0 eng d
020 _a0-19-569086-9
041 _aeng
082 _b1898
_a658.3
100 _aPareek, Udai
_94605
245 _aUnderstanding Organizational Behaviour
250 _a2nd ed.
260 _aNew Delhi
_bOxford University Press
_c2004
300 _a792p,
650 _aManagement
_9241
942 _cBK
999 _c725
_d725